000 00472nam a2200157Ia 4500
008 210716s1991 xx 000 0 und d
020 _a1878058037
041 _aeng
082 _a005.3621 MART
100 _aMarcellus, Thomas J.
245 _aP c world Q and A bible: expert instruction, tips and applications.
_bExpert instruction, tips and applications.
250 _a1
260 _aCalifornia
_bIDG Books World Wide
_c1991
300 _axxxvi,888
650 _aNone
999 _c183830
_d183830